00414 a2200109 4500001001000000005001700010008004100027245008500068100002000153700003400173773009700207ART_4396420260410162017.0260409a 10aProtección de la vivienda a favor del cónyuge supérstite y del conviviente1 aCorna, Pablo M.1 aFossaceca, Carlos Alberto (h)0 tTemas de derecho de familia, sucesiones y bioéticag- Año 2, Nº 7 (jul. 2017)wREV41029